01239nam a22001937a 4500008004100000020002900041050001600070100002000086245009700106250001300203260004700216300003400263500006300297505056700360650004300927650003000970700002301000700002201023110818t xxu||||| |||| 00| 0 eng d a0314929991 9780314929990 aBF76.5 .El6 aElmes, David G. aResearch methods in psychology cDavid G. Elmes, Barry H. Kantowitz, Henry L. Roediger, III. a4th ed.  aSt. Paul:bWest Publishing Company,c1992. axviii, 408 p. bill. c26 cm. aIncludes bibliographical references (p. 375-385) and index aContents: Part 1: Bases of psychological research: Beginning psychological research. Explanation in scientific psychology. Observation in psychological research. Measurement in psychological research -- Experimentation in psychology -- Basics of experimentation -- Experimental design -- Complex experimentation -- Small-N experimentation Experimentation -- Part 111: Tactical aspects of research -- Guarding against threats to validity -- Chapter 11 -- Interpreting the results of research -- Conducting ethical research -- Reading and writing research reports. a Psychology xResearch xMethodology.  aPsychology, Experimental. aKantowitz, Barry H aRoediger, Henry L